000 00788nam a2200253Ia 4500
003 GCL
008 140319s9999 xx 000 0 ara d
040 _aGCL /
_cGCL
082 0 4 _a709.02
_bن ف
100 1 _aنعمت اسماعيل علام
245 1 0 _aفنون الشرق الاوسط فى الفترات الهيلينستية المسيحية الساسانية /
_cنعمت اسماعيل علام
260 _a[S.N] :
_bدار المعارف ،
_c1991
300 _a167 ص
490 _a
650 0 4 _aالفن
650 0 4 _aالنحت
650 0 4 _aالعمارة
650 0 4 _aالفن القديم
650 0 4 _aالفن المسيحى
650 0 4 _aالتصوير
650 0 4 _aالفن الاغريقى
650 0 4 _aتاريخ ونقد
942 _2ddc
_cBK
999 _c58577
_d58577